书目信息 |
| 书名: | The Fontana dictionary of modern thought | |
| 作者: | Edited by ALAN BULLOCK and OLIVER ATALLYBRASS. | |
| 分册号: | ||
| 分册名: | 出版地: | London : |
|
| 出版社: | Fontana Pr | |
| 出版时间: | 1988. | |
| 页数: | 684 p. ; | |
| 开本: | 20 cm. | |
| 丛书名: | ||
| 中图分类号: | ||
| 科图分类号: | ||
| 其他分类号: | C61 | |
| 主题词: | ||
| 电子资源: | ||
| 000 | 00604nam 2200205 a 4500 | |
| 001 | E0736138459 | |
| 005 | 20070302141424.82 | |
| 008 | 001 0 eng | |
| 008 | uu | |
| 040 | @aNLC | |
| 049 | @aN5LA | |
| 090 | @aC61 | |
| 096 | @aZ3 @v2 | |
| 099 | @dC61@ex1 | |
| 245 | 04 | @aThe Fontana dictionary of modern thought / @cEdited by ALAN BULLOCK and OLIVER ATALLYBRASS. |
| 250 | @aNew and rev. ed. | |
| 260 | @aLondon :@bFontana Pr.,@c1988. | |
| 300 | @a684 p. ;@c20 cm. | |
| 700 | 1 | @aBullock, Alan, @eed. @b00 @c20020930 @lNLC09 @h2246 @lNLC09 @h2301 @lNLC09 @h1852 |
| 852 | 9 | @bGJSS @k2G-89 @hZ3 @iF67/1988 |
| The Fontana dictionary of modern thought / / Edited by ALAN BULLOCK and OLIVER ATALLYBRASS.-New and rev. ed.-London : : Fontana Pr., , 1988. |
| 684 p. ; ; 20 cm. |
| ISBN |
| ● |
| 相关链接 |
|
|
|
|
正题名:Fontana dictionary of modern thought
索取号:C61/x1
 
预约/预借
| 序号 | 登录号 | 条形码 | 馆藏地/架位号 | 状态 | 备注 |
| 1 | 180754 | 301807542 | 第二样本阅览室/ [索取号:C61/x1] | 在馆 | |
| 2 | 180755 | 001170173 | 第四借阅区/ [索取号:C61/x1] | 在馆 | |
| 3 | 180756 | 001170164 | 第四借阅区/ [索取号:C61/x1] | 在馆 | |
| 4 | 180757 | 001170182 | 第四借阅区/ [索取号:C61/x1] | 在馆 | |
| 5 | 180758 | 001170146 | 第四借阅区/ [索取号:C61/x1] | 在馆 |